Where joy & sorrow meet : (Record no. 117978)
[ view plain ]
| 000 -LEADER | |
|---|---|
| fixed length control field | 00928cam a2200265 a 4500 |
| 001 - CONTROL NUMBER | |
| control field | 2143681 |
| 003 - CONTROL NUMBER IDENTIFIER | |
| control field | ARRUPE |
| 005 - DATE AND TIME OF LATEST TRANSACTION | |
| control field | 20130924142323.0 |
| 008 - FIXED-LENGTH DATA ELEMENTS--GENERAL INFORMATION | |
| fixed length control field | 980904s1999 inua b 000 0 eng |
| 010 ## - LIBRARY OF CONGRESS CONTROL NUMBER | |
| LC control number | 98037489 |
| 020 ## - INTERNATIONAL STANDARD BOOK NUMBER | |
| International Standard Book Number | 0877936684 (pbk.) |
| 040 ## - CATALOGING SOURCE | |
| Original cataloging agency | DLC |
| Transcribing agency | DLC |
| Modifying agency | DLC |
| 050 00 - LIBRARY OF CONGRESS CALL NUMBER | |
| Classification number | BX2040 |
| Item number | .W47 1999 |
| 300 ## - PHYSICAL DESCRIPTION | |
| Other physical details | ill. ; |
| Dimensions | 18 cm. |
| 100 ## - MAIN ENTRY--PERSONAL NAME | |
| Personal name | Ayo, Nicholas |
| 9 (RLIN) | 1007 |
| 245 00 - TITLE STATEMENT | |
| Title | Where joy & sorrow meet : |
| Remainder of title | a way of the cross / |
| Statement of responsibility, etc | Nicholas Ayo ... [et al.]. |
| 246 3# - VARYING FORM OF TITLE | |
| Title proper/short title | Where joy and sorrow meet |
| 260 ## - PUBLICATION, DISTRIBUTION, ETC. (IMPRINT) | |
| Place of publication, distribution, etc | Notre Dame, Ind. : |
| Name of publisher, distributor, etc | Ave Maria Press, |
| Date of publication, distribution, etc | c1999. |
| 300 ## - PHYSICAL DESCRIPTION | |
| Extent | 181 p. : |
| 504 ## - BIBLIOGRAPHY, ETC. NOTE | |
| Bibliography, etc | Includes bibliographical references (p. 177-179). |
| 650 #0 - SUBJECT ADDED ENTRY--TOPICAL TERM | |
| Topical term or geographic name as entry element | Stations of the Cross. |
| 9 (RLIN) | 1008 |
| 700 1# - ADDED ENTRY--PERSONAL NAME | |
| Personal name | Ayo, Nicholas. |
| 9 (RLIN) | 1009 |
| 906 ## - LOCAL DATA ELEMENT F, LDF (RLIN) | |
| a | 7 |
| b | cbc |
| c | orignew |
| d | 1 |
| e | ocip |
| f | 19 |
| g | y-gencatlg |
| 942 ## - ADDED ENTRY ELEMENTS (KOHA) | |
| Source of classification or shelving scheme | Library of Congress Classification |
| Koha item type | Monograph ( Printed materials) |
| Withdrawn status | Lost status | Source of classification or shelving scheme | Damaged status | Not for loan | Collection code | Home library | Current library | Shelving location | Date acquired | Total Checkouts | Full call number | Barcode | Date last seen | Price effective from | Koha item type |
|---|---|---|---|---|---|---|---|---|---|---|---|---|---|---|---|
| Library of Congress Classification | Main Collection | ARRUPE LIBRARY | ARRUPE LIBRARY | Main Collection | 24/09/2013 | BX2040 .W47 1999 | 46407575 | 22/11/2017 | 24/09/2013 | Monograph ( Printed materials) |